000 00631cab a2200217 4500
001 WB2933-26
008 090401t1993 xxu||||| |||| 00| 0 eng d
035 _a(Sirsi) u17822
041 _aeng
245 _aIACS errors
260 _c1993
350 _a0
490 _aMAFF News Release
_v(292/93) 2 September 1993 (2)
520 _aThe Government has announced that farmers can correct errors on IACS forms without penalty if errors were genuine.
650 _aCORRECTION
650 _aERRORS
650 _aINTEGRATED ADMINISTRATION AND CONTROL SYSTEM
690 _aRURAL PRACTICE
942 _n0
948 _c04/03/1997
999 _c11822
_d11822